000 004440000a22001810004500
003 MACL
005 20160109123737.0
008 160109b xxu||||| |||| 00| 0 eng d
040 _aMACL
_cMACL
041 _aEnglish
082 _a920/GAN
100 _aGandhi, M K
_98264
245 _aThe Science Of Satyagraha
260 _bBhartiya Vidya Bhavan
_c1962
_aBombay
350 _a1.25
650 _aBiography
_930284
942 _cBK
_k920/GAN
_2ddc
999 _c36621
_d36621